000 00458nam a2200193Ia 4500
003 OSt
005 20250923151030.0
008 250729s2005 xx 000 0 und d
020 _a9788171693092
040 _cAL
041 _aeng
082 _a374.1 SHAD
100 _aSharma B M
_9222745
245 _aDistance education
260 _aNew Delhi
_bCommonwealth Publishers
_c2005
300 _a463p
650 _aEducation
_9222746
942 _2ddc
_cBED
999 _c235591
_d235591